000 00630nam a22001937a 4500
999 _c11640
_d11640
003 OSt
005 20200229093619.0
008 181214b ||||| |||| 00| 0 eng d
022 _a00116009
040 _c0
082 _aDPer 792.805 D19 Mar-Aug 2016 v. 90, n. 3-8
100 _aMarshall, Lea.
_933296
245 _aWhy grade dance?:
_bthe challenges and rewards of grading college technique classes/
_cLea Marshall.
260 _aNew York:
_bDance Media,
_c©Mar-Aug 2016.
300 _av90 n8, pages 46-47.
_bcolored illustration:
_c25 cm.
500 _aDance magazine.
650 _aDance
_zLessons
_933288
942 _2ddc
_cPER